Sex and temperament in three primitive societies

The mountain-dwelling arapesh, The river-dwelling mundugumor, The lake-dwelling tchambuli, the implication of these results

Salvato in:
Dettagli Bibliografici
Autore principale: Mead, Margaret
Natura: Libro
Lingua:Undetermined
Pubblicazione: New York W. Morrow & company 1963
Soggetti:
Tags: Aggiungi Tag
Nessun Tag, puoi essere il primo ad aggiungerne! !
Thư viện lưu trữ: Trung tâm Học liệu Trường Đại học Cần Thơ
LEADER 00725nam a2200217Ia 4500
001 CTU_219465
008 210402s9999 xx 000 0 und d
020 |c 3.28 
082 |a 305.309953 
082 |b M479 
100 |a Mead, Margaret 
245 0 |a Sex and temperament in three primitive societies 
245 0 |c Margaret Mead 
260 |a New York 
260 |b W. Morrow & company 
260 |c 1963 
520 |a The mountain-dwelling arapesh, The river-dwelling mundugumor, The lake-dwelling tchambuli, the implication of these results 
650 |a Dân tộc học,Ethnology 
650 |z Papua New Guinea,Papua New Guinea 
904 |i Tuoi,Hải 
980 |a Trung tâm Học liệu Trường Đại học Cần Thơ